000 00927nam a2200241Ia 4500
001 13316
003 GE_BSU
008 181216s||||||||xx |||||||||||||| ||und||
040 _cGE_BSU
080 _a57
100 _aТимирязев,К.А.
245 _aИзбранные сочинения в четырех томах. Т.3
245 _bЖизнь растении: десять общедоступных лекции;исторический метод в биологии
245 _cРед.Л.М.Берцинская
260 _aМосква
260 _bОгиз-сельхозгиз
260 _c1949
300 _a644стр.илл.20см.
653 _aЖизнь растении: десять общедоступных лекции;исторический метод в биологии
653 _aИзбранные сочинения
653 _aბიოლოგია
942 _cBK
999 _c46478
_d46478